Top 20 Most Powerful Asian Passports - Statistics

General Stats
  • This quiz has been taken 117 times
    70 since last reset
  • The average score is 18 of 23
Answer Stats
Ranking Access Country % Correct
1st 192 Japan
97%
19th 79 China
92%
1st 192 Singapore
92%
2nd 190 South Korea
92%
9th 145 Taiwan
88%
3rd 179 Malaysia
87%
6th 171 {Hong Kong}, China
85%
12th 110 Turkey
85%
5th 174 United Arab Emirates
83%
8th 158 Israel
82%
19th 79 Thailand
82%
18th 80 Oman
80%
13th 97 Qatar
80%
19th 79 Saudi Arabia
78%
11th 115 Georgia
77%
10th 144 {Macau}, China
77%
17th 84 Bahrain
75%
20th 74 Kazakhstan
73%
7th 166 Brunei
72%
14th 95 Kuwait
68%
16th 87 Maldives
60%
4th 176 Cyprus
53%
15th 93 East Timor
45%
No matching quizzes found
Score Distribution
Percent of People with Each Score
Percentile by Number Answered
Your Score History
You have not taken this quiz since the last reset